000
00194 a2200097 4500
001
45595
100
_a
Clark, M
245
_a
Stillwatch
260
_a
London
_b
Collins
_c
090
_c
28758
_d
28758
942
_a
NUST-CAE
_c
M
_c
20844
999
_c
280668
_d
280668